Reliability centered maintenance, RCM: implementation Made Simple
Uloženo v:
| Hlavní autor: | |
|---|---|
| Médium: | Kniha |
| Jazyk: | angličtina |
| Vydáno: |
Nueva York
McGraw-Hill
2006
|
| Edice: | MH Maintenance
|
| Témata: | |
| Tagy: |
Přidat tag
Žádné tagy, Buďte první, kdo vytvoří štítek k tomuto záznamu!
|
MARC
| LEADER | 00000nam a2200000 a 4500 | ||
|---|---|---|---|
| 001 | UCJ8892 | ||
| 003 | CL-VaPUC | ||
| 008 | 070126e20060000US |||||||||||||||||eng|d | ||
| 020 | |a 0071460691 | ||
| 082 | 0 | 4 | |a 658.202 |b BLO |2 21 |
| 100 | 0 | |a Bloom, Neil |e author |9 518674 | |
| 245 | 1 | 0 | |a Reliability centered maintenance, RCM: implementation Made Simple |
| 300 | |a 291 p | ||
| 942 | |c BK | ||
| 945 | |d 20070126 00:00:00 |a cmena | ||
| 260 | |a Nueva York |b McGraw-Hill |c 2006 | ||
| 650 | 0 | |a Administración de empresas |9 260833 | |
| 650 | 0 | |a Mantención de maquinaria |9 326397 | |
| 650 | 7 | |a MANTENCION Y REPARACION |2 CL-VaPUC |9 518675 | |
| 650 | 0 | |a Planificación estratégica |9 259735 | |
| 650 | 0 | |a Optimización |9 339671 | |
| 583 | |a last modification |c 20070126 00:00:00 |k Rodrigo Vera | ||
| 490 | 0 | |a MH Maintenance | |
| 999 | |c 324538 |d 324536 | ||
| 952 | |0 0 |1 0 |4 0 |6 658_202000000000000_BLO_2006 |7 0 |8 A |9 404790 |a BIBING |b BIBING |d 2019-11-22 |i 4313607 |o 658.202 BLO 2006 |p 4313607 |r 2025-01-20 |w 2019-11-22 |y BK |k EII | ||
| 952 | |0 0 |1 0 |4 0 |6 658_202000000000000_BLO_2006 |7 0 |8 A |9 404791 |a BIBING |b BIBING |d 2019-11-22 |i 4313615 |o 658.202 BLO 2006 |p 4313615 |r 2025-01-20 |w 2019-11-22 |y BK |k EII | ||